000 00407nam a22001577a 4500
003 OSt
020 _aNA
040 _c0
082 _222
_a621.3819
100 _aSawhney, A. K
245 _aA course in electrical and electronic measurements and instrumentation /
260 _bNew Delhi Dhanpat rai and co ltd,
_cc2000
300 _aXviii,1542 p, ;
_bNA
_c24 cm.
942 _2ddc
_cEE
999 _c4331
_d4331
999 _c4594
_d4594